Anime mit bester Bewertung - Statistiken

Allgemein
  • Dieses Quiz wurde 291 mal gespielt
  • Das Durchschnittsergebnis liegt bei 4 aus 20
Antwortstatistiken
Platzierung, Bewertung Antwort % Korrekt
5,-------> 9.05 Attack on Titan
85%
3,-------> 9.06 Bleach
48%
1, -------> 9.10 Fullmetal Alchemist: Brotherhood
31%
13,-------> 8.91 Code Geass
27%
2,-------> 9.07 Steins;Gate
25%
4,-------> 9.06 Gintama
23%
18,-------> 8.83 Vinland Saga
20%
16,-------> 8.87 Monster
18%
14,-------> 8.89 Violet Evergarden
15%
17,-------> 8.84 Your Name
15%
9,-------> 9.00 Fruits Basket
10%
20,-------> 8.82 Oshi no Ko
10%
10,-------> 8.94 A Silent Voice
9%
12,-------> 8.93 Clannad: After Story
4%
7,-------> 9.04 Kaguya-Sama: Love is War
4%
19,-------> 8.83 Bocchi the Rock!
1%
6,-------> 9.04 Hunter x Hunter (2011)
1%
11,-------> 8.93 March comes in like a lion
1%
15,-------> 8.88 Owarimonogatari
1%
8,-------> 9.02 Ginga Eiyū Densetsu
0%
Keine übereinstimmenden Quizze gefunden
Verteilung der Resultate
Anzahl Personen mit jedem Resultat
Perzentil nach korrekt beantworteten Fragen
Ihre Resultats-Entwicklung
Sie haben dieses Quiz noch nicht gespielt